|
|
|
|
| LEADER |
00000nam a2200000 a 4500 |
| 001 |
UCS1046 |
| 003 |
CL-VaPUC |
| 008 |
970506e19680000CL |||||||||||||||||spa|d |
| 082 |
0 |
4 |
|a 347.012
|b COL
|2 21
|
| 100 |
0 |
|
|a Colombo Campbell, Juan
|e author
|9 385067
|
| 245 |
1 |
3 |
|a La jurisdicción en el derecho chileno
|
| 300 |
|
|
|a 49 p
|
| 942 |
|
|
|c BK
|
| 945 |
|
|
|d 19970506 00:00:00
|a lriquelm
|
| 260 |
|
|
|a Santiago
|b Jurídica
|c 1968
|
| 650 |
|
0 |
|a Jurisdicción
|9 255090
|
| 650 |
|
7 |
|a CONFLICTO DE JURISDICCION
|2 CL-VaPUC
|9 366201
|
| 650 |
|
7 |
|a FUNCION JURISDICCIONAL
|2 CL-VaPUC
|9 366202
|
| 650 |
|
0 |
|a Procedimiento penal
|9 254974
|
| 651 |
|
7 |
|a CHILE
|2 CL-VaPUC
|9 385068
|
| 583 |
|
|
|a last modification
|c 19970506 00:00:00
|k Rodrigo Vera
|
| 999 |
|
|
|c 259157
|d 259155
|
| 952 |
|
|
|0 0
|1 0
|2 ddc
|4 0
|6 347_012000000000000_COL_1968
|7 0
|8 A
|9 283747
|a BIBDER
|b BIBDER
|d 2019-11-19
|i 1840452
|o 347.012 COL 1968
|p 1840452
|r 2023-01-25
|w 2019-11-19
|y MX
|k DER
|